000 00547nam a2200241Ia 4500
003 OSt
005 20220912145612.0
006 a|||||r|||| 00| 0
007 ta
008 220909b |||||||| |||| 00| 0 eng d
024 _a71055
037 _cTextual
040 _aCSL
_beng
_cCSL
041 _aeng
082 _aB316, K6
100 _aThron W J
245 0 _aTopological structure
260 _c1966
300 _ap.
_ccm.
650 _aTopology
942 _hB316, K6
_cTEXL
_2CC
999 _c34758
_d34758